[Event "Avoine op 23rd"]
[Site "Avoine"]
[Date "2008.07.25"]
[Round "7"]
[White "Lombart, Philippe"]
[Black "Jouchet, Fabien"]
[Result "1-0"]
[WhiteElo "1999"]
[BlackElo "1800"]
[PlyCount "65"]
[EventDate "2008.07.19"]
[EventType "swiss"]
[EventRounds "9"]
[EventCountry "FRA"]
[SourceTitle "CBM 125 Extra"]
[Source "ChessBase"]
[SourceDate "2008.09.01"]
[SourceVersion "1"]
[SourceVersionDate "2008.09.01"]
[SourceQuality "1"]

1. d4 d5 2. c4 c6 3. Nf3 e6 4. g3 Nf6 5. Nbd2 Nbd7 6. Bg2 Be7 7. 0-0 0-0 8. Qc2 Nb6 9. b3 a5 10. Bb2 Nbd7 11. e4 dxe4 12. Ne5 c5 13. Nxe4 cxd4 14. Bxd4 Nxe5 15. Bxe5 Nxe4 16. Bxe4 f5 17. Rad1 Qe8 18. Bf3 Bd7 19. Bxb7 Ra7 20. Bf3 a4 21. Bd6 axb3 22. axb3 Bxd6 23. Rxd6 Rc7 24. Rfd1 Bc6 25. Bxc6 Rxc6 26. Qe2 Rxd6 27. Rxd6 e5 28. c5 f4 29. Qg4 Kh8 30. Rd7 g5 31. c6 Qg6 32. c7 f3 33. Qxf3 1-0

[Event "Hennebont Grand Prix"]
[Site "Hennebont"]
[Date "2006.08.06"]
[Round "5"]
[White "Robveille, Laurent"]
[Black "Jouchet, Fabien"]
[Result "1/2-1/2"]
[WhiteElo "1933"]
[BlackElo "1690"]
[PlyCount "83"]
[EventDate "2006.08.05"]
[EventType "swiss"]
[EventRounds "7"]
[EventCountry "FRA"]
[SourceTitle "EXT 2007"]
[Source "ChessBase"]
[SourceDate "2006.11.23"]
[SourceVersion "1"]
[SourceVersionDate "2006.11.23"]
[SourceQuality "1"]

1. d4 Nf6 2. Nf3 d6 3. c4 g6 4. Nc3 Bg7 5. e4 0-0 6. Be2 Nbd7 7. e5 dxe5 8. dxe5 Ne8 9. e6 fxe6 10. 0-0 Nd6 11. Ng5 Rf6 12. Nce4 Nxe4 13. Nxe4 Rf8 14. Qc2 Nf6 15. Ng5 e5 16. c5 c6 17. Qb3+ Nd5 18. Bc4 e6 19. Qh3 h6 20. Ne4 g5 21. Be3 b6 22. b4 b5 23. Bb3 Qe7 24. a3 a5 25. Nd6 Nf4 26. Qg4 h5 27. Qd1 g4 28. Qc2 e4 29. Rad1 axb4 30. Bxf4 Rxf4 31. axb4 h4 32. Nxe4 h3 33. g3 Rf3 34. Rd6 Bd7 35. Rfd1 Bc8 36. Rd8+ Bf8 37. Nc3 Bb7 38. Qg6+ Qg7 39. Bxe6+ Kh8 40. Qh5+ Qh7 41. Qe5+ Qg7 42. Qxg7+ 1/2-1/2